00377nam a2200145Ia 4500008004100000020001500041041001200056082001600068100001800084245008000102250000800182260002500190300000800215650000800223221030s9999 xx 000 0 und d a0070474281 aEnglish a105.23bPee aP. Z. Peebles 0aProbability, Random Variables, & Random Signal Principlescby P. Z. Peebles a4th bTMHaNew Delhic2004 a462 aECE